Kluby z ligi angielskiej z conajmniej 50 sezonami - Statystyki

Ogólne statystyki
  • Ten quiz został rozwiązany 29 razy
  • Średni wynik to 12 z 25
Statystyki odpowiedzi
Liczba sezonów Klub % Poprawnych
109 Arsenal
100%
97 Manchester City
100%
101 Manchester United
100%
111 Liverpool
96%
91 Chelsea
92%
123 Everton
81%
112 Aston Villa
73%
91 Tottenham Hotspur
62%
68 West Ham United
58%
94 Newcastle United
54%
87 Sunderland
54%
54 Leeds United
50%
60 Nottingham Forest
50%
57 Birmingham City
38%
81 West Bromwich Albion
38%
63 Sheffield United
35%
72 Blackburn Rovers
31%
61 Burnley
31%
65 Derby County
27%
61 Middlesbrough
23%
62 Stoke City
23%
73 Bolton Wanderers
15%
66 Sheffield Wednesday
15%
56 Leicester United
0%
71 Wolwerhampton
0%
Nie znaleziono quizów pasujących do podanych kryteriów
Rozkład punktacji
Procent ludzi z każdym wynikiem
Percentyl według liczby udzielonych odpowiedzi
Twoja historia wyników
Nie rozwiązałeś tego quizu